| 000 | 00440cam a2200181ua 4500 | ||
|---|---|---|---|
| 020 | _c5.00 | ||
| 041 |
_ahin _h |
||
| 082 |
_a891.54 _bCHA/GH |
||
| 100 | _aChatarsain, Jain . | ||
| 245 |
_aGheti Va Pashuplan Ganit / _cJain Chatar sain. _hTextual Documents |
||
| 250 |
_a1 / _b. |
||
| 260 |
_a : _bNational Publishing house , _c1959. |
||
| 300 | _a238 ; . | ||
| 365 | _a5.00 | ||
| 504 | _a | ||
| 942 | _cBK | ||
| 999 |
_c2837 _d2837 |
||